Пропуск в контексте

Актуальные проблемы обучения математике и информатике в школе и вузе материалы v международной заочной научной конференции, г. москва, 18–22 декабря 2019 г.

Настоящее издание кафедры теории и методики обучения математике и информатике Института математики и информатики Московского педагогического государственного университета содержит статьи и тезисы преподавателей вузов, аспирантов и магистрантов, учителей общеобразовательных школ из России, Беларуси,...

תיאור מלא

שמור ב:
מידע ביבליוגרפי
פורמט: Книга
שפה:Russian
יצא לאור: Москва МПГУ 2020
גישה מקוונת:https://e.lanbook.com/book/174908
https://e.lanbook.com/img/cover/book/174908.jpg
תגים: הוספת תג
אין תגיות, היה/י הראשונ/ה לתייג את הרשומה!
LEADER 02172nam0a2200253 i 4500
001 174908
003 RuSpLAN
005 20221220174129.0
008 221220s2020 ru gs 000 0 rus
020 |a 978-5-4263-0879-4 
040 |a RuSpLAN 
041 0 |a rus 
044 |a ru 
080 |a 37.02:[51+004] 
084 |a 74.26я431+22.1р30я431+32.81р30я431  |2 rubbk 
245 0 0 |a Актуальные проблемы обучения математике и информатике в школе и вузе  |b материалы v международной заочной научной конференции, г. москва, 18–22 декабря 2019 г. 
260 |a Москва  |b МПГУ  |c 2020 
300 |a 464 с. 
504 |a Библиогр.: доступна в карточке книги, на сайте ЭБС Лань 
520 8 |a Настоящее издание кафедры теории и методики обучения математике и информатике Института математики и информатики Московского педагогического государственного университета содержит статьи и тезисы преподавателей вузов, аспирантов и магистрантов, учителей общеобразовательных школ из России, Беларуси, Казахстана, Египта, представленные на V Международную заочную научную конференцию, проходившую 18–22 декабря 2019 г. Сборник адресован преподавателям вузов, учителям математики, магистрантам, аспирантам и студентам. Материалы сборника представлены в авторской редакции. 
521 8 |a Книга из коллекции МПГУ - Психология. Педагогика 
856 4 |u https://e.lanbook.com/book/174908 
856 4 8 |u https://e.lanbook.com/img/cover/book/174908.jpg 
953 |a https://e.lanbook.com/img/cover/book/174908.jpg